000 00971nam a2200217 a 4500
003 OSt
005 20201002060813.0
008 181003s2007 000 spa d
020 _a9789589806708
040 _aDO-SdBNP
_bspa
_cBNPHU
110 1 _aColombia.
_bMinisterio de la Protección Social
_976621
245 0 _aGuía de atención integral de salud ocupacional basada en la evidencia para hipoacusia neurosensorial inducida por ruido en el trabajo /
_cpresentación Ana María Cabrera Videla.
260 _aBogotá (Colombia) :
_bPontificia Universidad Javeriana,
_c2007.
300 _a119 p. :
_bil.
_c27 cm.
490 1 _a Guía de atención integral de salud ocupacional basada en la evidencia GATISO
_v3
504 _aBibliografía : p. 101-104
700 1 _aCabrera Videla, Ana María,
_epresentación
_976609
830 0 _a Guía de atención integral de salud ocupacional basada en la evidencia GATISO ; 3
_976622
942 _2ddc
_cLF1
956 _aLOPEREZ
999 _c47393
_d47393